000 01187cam a2200289 i 4500
999 _c529346
_d529346
001 1305952
003 NUST
005 20190924141649.0
008 780112s1977 dcua b 001 0 eng
010 _a 77090474
020 _a0309025443 :
_c$4.80
038 _aMSOHAIL
040 _aDLC
_cDLC
_dDLC
050 0 0 _aTA780
_b.V47
082 0 0 _a624.154
100 1 _aVesić, Aleksandar Sedmak,
_d1924-
_921248
245 1 0 _aDesign of pile foundations /
_cAleksandar S. Vesić ; research sponsored by the American Association of State Highway and Transportation Officials, in cooperation with the Federal Highway Administration.
260 _aWashington :
_bTransportation Research Board, National Research Council,
_c1977.
300 _a68 p. :
_bill. ;
_c28 cm.
440 0 _aSynthesis of highway practice ;
_v42
_921249
504 _aIncludes bibliographical references and index.
650 0 _aPiling (Civil engineering)
_xDesign and construction.
_921250
650 0 _aFoundations
_xDesign and construction.
_921251
710 2 _aNational Research Council (U.S.).
_bTransportation Research Board.
_919676
906 _a7
_bcbc
_corignew
_d2
_eopcn
_f19
_gy-gencatlg
942 _2ddc
_cBK